| 000 | 00820nam a2200205Ia 4500 | ||
|---|---|---|---|
| 001 | 11826 | ||
| 003 | GE_BSU | ||
| 008 | 181216s||||||||xx |||||||||||||| ||und|| | ||
| 040 | _cGE_BSU | ||
| 080 | _a636.1(075) | ||
| 245 | _aმეცხენეობის სახ–ლო | ||
| 245 | _bსახ–ლო მეცხენეობის ფერმის გამგეების და ბრიგადირების მოსამზადებლად | ||
| 245 | _cვ.ი.კალინინის საერთო რედ.. თარგმნ. ა.დ.დავითაშვილისა | ||
| 260 | _aთბილისი | ||
| 260 | _bსახელგამი | ||
| 260 | _c1951 | ||
| 300 | _a358გვ.26სმ. | ||
| 653 | _aმეცხენეობა | ||
| 942 | _cBK | ||
| 999 |
_c45005 _d45005 |
||